000 00628cam a22002052a 4500
001 014518
003 AR-FADEU
008 311216n1984####xxu####################dd
020 _a950-25-0063-6
092 _a982.06
_bS571l
100 _aSiegler, Pedro
245 _aLisandro de la Torre y los problemas de su época
260 _aBuenos Aires
260 _bCentro Editor de América Latina
260 _c1984
300 _a153 p
440 _aBiblioteca política argentina
_n64
650 _aHISTORIA ARGENTINA; HISTORIA POLITICA-ARGENTINA; BIOGRAFIAS>TORRE, L. DE LA; PARTIDO DEMOCRATA PROGRESISTA
942 _cBDGR
999 _c20278
_d20278